<?xml version="1.0" encoding="UTF-8"?>
<record
    xmlns:xsi="http://www.w3.org/2001/XMLSchema-instance"
    xsi:schemaLocation="http://www.loc.gov/MARC21/slim http://www.loc.gov/standards/marcxml/schema/MARC21slim.xsd"
    xmlns="http://www.loc.gov/MARC21/slim">

  <leader>00880nam a2200301   4500</leader>
  <controlfield tag="001">35133</controlfield>
  <datafield tag="010" ind1=" " ind2=" ">
    <subfield code="a">9789722334730</subfield>
  </datafield>
  <datafield tag="021" ind1=" " ind2=" ">
    <subfield code="a">PT</subfield>
  </datafield>
  <datafield tag="090" ind1=" " ind2=" ">
    <subfield code="a">35133</subfield>
  </datafield>
  <datafield tag="100" ind1=" " ind2=" ">
    <subfield code="a">20221007              frey50       </subfield>
  </datafield>
  <datafield tag="101" ind1="1" ind2=" ">
    <subfield code="a">por</subfield>
  </datafield>
  <datafield tag="102" ind1=" " ind2=" ">
    <subfield code="a">PT</subfield>
  </datafield>
  <datafield tag="200" ind1="1" ind2=" ">
    <subfield code="a">Uma estranha caravana</subfield>
    <subfield code="f">Geronimo Stilton</subfield>
    <subfield code="g">il. Larry Keys, Topika Topraska</subfield>
    <subfield code="g">trad. Carlos Grifo Babo</subfield>
  </datafield>
  <datafield tag="205" ind1=" " ind2=" ">
    <subfield code="a">13.&#xAA; ed</subfield>
  </datafield>
  <datafield tag="210" ind1=" " ind2="9">
    <subfield code="a">Lisboa</subfield>
    <subfield code="c">Presen&#xE7;a,</subfield>
    <subfield code="d">2014</subfield>
  </datafield>
  <datafield tag="215" ind1=" " ind2=" ">
    <subfield code="a">117, [9] p.</subfield>
    <subfield code="c">il.</subfield>
    <subfield code="d">19 cm</subfield>
  </datafield>
  <datafield tag="225" ind1="2" ind2=" ">
    <subfield code="a">Geronimo Stilton</subfield>
    <subfield code="v">2</subfield>
  </datafield>
  <datafield tag="304" ind1=" " ind2=" ">
    <subfield code="a">T&#xED;t. orig.: Un camper color formaggio</subfield>
  </datafield>
  <datafield tag="675" ind1=" " ind2=" ">
    <subfield code="a">087.5</subfield>
    <subfield code="v">BN</subfield>
    <subfield code="z">por</subfield>
  </datafield>
  <datafield tag="675" ind1=" " ind2=" ">
    <subfield code="a">821.131.1-93"20"</subfield>
    <subfield code="v">BN</subfield>
    <subfield code="z">por</subfield>
  </datafield>
  <datafield tag="675" ind1=" " ind2=" ">
    <subfield code="a">821.131.1-34"20"</subfield>
    <subfield code="v">BN</subfield>
    <subfield code="z">por</subfield>
  </datafield>
  <datafield tag="700" ind1=" " ind2="1">
    <subfield code="a">Stilton,</subfield>
    <subfield code="b">Geronimo,</subfield>
    <subfield code="9">5355</subfield>
  </datafield>
  <datafield tag="702" ind1=" " ind2="1">
    <subfield code="a">Keys,</subfield>
    <subfield code="b">Larry</subfield>
    <subfield code="4">440</subfield>
    <subfield code="9">4285</subfield>
  </datafield>
  <datafield tag="702" ind1=" " ind2="1">
    <subfield code="a">Topraska,</subfield>
    <subfield code="b">Topika</subfield>
    <subfield code="4">440</subfield>
  </datafield>
  <datafield tag="702" ind1=" " ind2="1">
    <subfield code="a">Babo,</subfield>
    <subfield code="b">Carlos Grifo,</subfield>
    <subfield code="f">1919-</subfield>
    <subfield code="4">730</subfield>
    <subfield code="9">2510</subfield>
  </datafield>
  <datafield tag="801" ind1=" " ind2="0">
    <subfield code="a">PT</subfield>
    <subfield code="b">BN</subfield>
    <subfield code="g">RPC</subfield>
  </datafield>
  <datafield tag="990" ind1=" " ind2=" ">
    <subfield code="c">LIVROS</subfield>
  </datafield>
  <datafield tag="994" ind1=" " ind2=" ">
    <subfield code="a">COMP</subfield>
  </datafield>
  <datafield tag="995" ind1=" " ind2=" ">
    <subfield code="0">0</subfield>
    <subfield code="1">0</subfield>
    <subfield code="9">48808</subfield>
    <subfield code="b">BEAGU</subfield>
    <subfield code="d">BEAGU</subfield>
    <subfield code="f">807 BA</subfield>
    <subfield code="k">087.5 STI</subfield>
    <subfield code="o">0</subfield>
    <subfield code="r">LIVROS</subfield>
    <subfield code="s"></subfield>
  </datafield>
</record>
